| 000 | 00353nam a22001337a 4500 | ||
|---|---|---|---|
| 005 | 20250208130824.0 | ||
| 008 | 250208b |||||||| |||| 00| 0 eng d | ||
| 050 |
_aHG1611 _bADD |
||
| 100 | _aAddeah, Kwaku | ||
| 245 | _aRights and duties of bank customers | ||
| 260 |
_aAccra _bLegal Research Center _cc2002 |
||
| 300 | _axxiv, 173p | ||
| 942 |
_2lcc _cBK _n0 |
||
| 999 |
_c3671 _d3671 |
||